|
|
|
|
| LEADER |
00000nab a2200000 a 4500 |
| 001 |
vtls001024485 |
| 003 |
SK-MaSNL |
| 005 |
20260304232107.0 |
| 008 |
040720e19971023xo 0 slo |
| 035 |
|
|
|a SL3050
|
| 040 |
|
|
|a SLLK
|b slo
|c SLLK
|e AACR2
|
| 041 |
0 |
|
|a slo
|
| 044 |
|
|
|a xo
|c SK
|
| 080 |
|
|
|a 614.842.83
|2 1981
|
| 100 |
1 |
|
|a Muskolay, Stanislav
|4 aut
|9 898519
|
| 245 |
1 |
0 |
|a Bilancia požiarnikov
|
| 650 |
0 |
7 |
|a dobrovoľní hasiči
|2 SLLK
|9 75564
|
| 650 |
0 |
7 |
|a činnosť
|2 SLLK
|9 282874
|
| 650 |
0 |
7 |
|a informácie
|2 SLLK
|9 1285
|
| 655 |
|
7 |
|a periodikum
|2 snkbucl
|9 29553
|
| 773 |
0 |
8 |
|t Ľubovnianske noviny
|g Roč. 23, č.42, 23.10.1997, s. 1
|
| 852 |
|
|
|a ZVYKNI
|b KIS3GCP
|
| 999 |
|
|
|c 3192021
|d 3193951
|